Statistiken für Deutschsprachige Länder

Klicken Sie hier um das Quiz zu spielen!

Allgemein

  • Dieses Quiz wurde 9.290 mal gespielt
  • Das Durchschnittsergebnis liegt bei 5 aus 6

Antwortstatistiken

% MuttersprachlerLand% Korrekt
93%Österreich
99%
92%Deutschland
99%
65%Schweiz
99%
86%Liechtenstein
81%
2%Luxemburg
81%
0,6%Belgien
75%

Verteilung der Resultate

Perzentil nach korrekt beantworteten Fragen

Anzahl Personen mit jedem Resultat

Ihre Resultats-Entwicklung

Sie haben dieses Quiz noch nicht gespielt